Electronic instrumentation

Guardat en:
Dades bibliogràfiques
Autor principal: Kalsi, H. S (Autor)
Format: Llibre
Idioma:anglès
Publicat: s.l McGraw-Hill Education 2010
Edició:3a. ed
Matèries:
Etiquetes: Afegir etiqueta
Sense etiquetes, Sigues el primer a etiquetar aquest registre!

MARC

LEADER 00000cam a2200000 a 4500
001 UCC6115
003 CL-VaPUC
008 181123e20100000ii |||||||||||||||||eng|d
020 |a 9780070702066 
082 0 4 |a 621.381  |b KAL  |2 21 
100 0 |a Kalsi, H. S  |e author  |9 600539 
245 1 0 |a Electronic instrumentation 
250 |a 3a. ed 
300 |a 829 p 
942 |c BK 
945 |d 20181123 16:12:00  |a dcastane 
260 |a s.l  |b McGraw-Hill Education  |c 2010 
650 7 |a INSTRUMENTOS ELECTRONICOS  |2 CL-VaPUC  |9 600540 
583 |a last modification  |c 20181123 16:12:00  |k Rodrigo Vera 
999 |c 373149  |d 373147 
952 |0 0  |1 0  |3 erb  |4 0  |6 621_381000000000000_KAL_2010  |7 0  |8 A  |9 491128  |a BIBING  |b BIBING  |i 5516285  |o 621.381 KAL 2010  |p 5516285  |r 2025-01-20  |w 2019-11-24  |y BK  |z Catalogado en:20181123  |k EIE 
952 |0 0  |1 0  |3 erb  |4 0  |6 621_381000000000000_KAL_2010  |7 0  |8 A  |9 491129  |a BIBING  |b BIBING  |i 5516277  |o 621.381 KAL 2010  |p 5516277  |r 2025-01-20  |w 2019-11-24  |y BK  |z Catalogado en:20181123  |k EIE 
952 |0 0  |1 0  |3 erb  |4 0  |6 621_381000000000000_KAL_2010  |7 0  |8 A  |9 491130  |a BIBING  |b BIBING  |i 5516269  |o 621.381 KAL 2010  |p 5516269  |r 2025-01-20  |w 2019-11-24  |y BK  |z Catalogado en:20181123  |k EIE 
952 |0 0  |1 0  |3 erb  |4 0  |6 621_381000000000000_KAL_2010  |7 0  |8 A  |9 491131  |a BIBING  |b BIBING  |i 5516250  |o 621.381 KAL 2010  |p 5516250  |r 2025-01-20  |w 2019-11-24  |y BK  |z Catalogado en:20181123  |k EIE 
952 |0 0  |1 0  |3 erb  |4 0  |6 621_381000000000000_KAL_2010  |7 0  |8 A  |9 491132  |a BIBING  |b BIBING  |i 5516242  |o 621.381 KAL 2010  |p 5516242  |r 2025-01-20  |w 2019-11-24  |y BK  |z Catalogado en:20181123  |k EIE 
952 |0 0  |1 0  |3 erb  |4 0  |6 621_381000000000000_KAL_2010  |7 0  |8 A  |9 491133  |a BIBING  |b BIBING  |i 5516234  |o 621.381 KAL 2010  |p 5516234  |r 2025-01-20  |w 2019-11-24  |y BK  |z Catalogado en:20181123  |k EIE 
952 |0 0  |1 0  |3 erb  |4 0  |6 621_381000000000000_KAL_2010  |7 0  |8 A  |9 491134  |a BIBING  |b BIBING  |i 5516226  |o 621.381 KAL 2010  |p 5516226  |r 2025-01-20  |w 2019-11-24  |y BK  |z Catalogado en:20181123  |k EIE 
952 |0 0  |1 0  |3 erb  |4 0  |6 621_381000000000000_KAL_2010  |7 0  |8 A  |9 491135  |a BIBING  |b BIBING  |i 5516218  |o 621.381 KAL 2010  |p 5516218  |r 2025-01-20  |w 2019-11-24  |y BK  |z Catalogado en:20181123  |k EIE